MIKROFILMOVANIE ARCHÍVNYCH DOKUMENTOV V SSR

Bibliographic Details
Main Author: Spiritza, Juraj, 1935- (Author)
Other Authors: Matulay, Ctibor, 1916-1995 (Translator), Kypilla, Fpantišek (Translator)
Format: Article
Language:Slovak

MARC

LEADER 00000nab a2200000uu 4500
001 vtls010877183
003 SK-MaSNL
005 20260303141438.0
008 230222|1978 xo |||||||||||||||||slo|
015 |a SNBRB 
035 |a (urnnbn)urn:nbn:sk:snk:ar-005ph4 
035 |a (uuid)27a40f15-9cde-4135-a07d-46a963008e83 
035 |a urn:nbn:sk:snk-ab7lnr 
040 |a SNKBUCL  |b slo  |c SNKBUCL  |e AACR2 
041 0 |a slo 
044 |a xo  |c SK 
100 1 |a Spiritza, Juraj,  |d 1935-  |4 aut  |9 103608 
245 1 0 |a MIKROFILMOVANIE ARCHÍVNYCH DOKUMENTOV V SSR  |c Juraj Spiritza, Ctibor Matulay, Fpantišek Kypilla 
700 1 |a Matulay, Ctibor,  |d 1916-1995  |4 trl  |9 296106 
700 1 |a Kypilla, Fpantišek  |4 trl  |9 1161047 
773 0 |t Slovenská archivistika  |g Roč. 13, č. 1 (1978), s. 84-100 
954 |a odborná, vedecká literatúra pôvodná (slovenská)  |2 lita 
958 |a OND 
958 |a EUIPO 
958 |a article8 
999 |c 1976418  |d 1978348